Riešenia cloud computingu pre mobilné zariadenia vo firemnom prostredí bakalárska práca

Saved in:
Bibliographic Details
Main Author: Drexler, Dávid
Corporate Author: Obchodná fakulta EU. Katedra informatiky obchodných firiem
Other Authors: Červenka, Peter, 1976-
Format: Book
Language:Slovak
Published: Bratislava 2015
Tags: Add Tag
No Tags, Be the first to tag this record!

MARC

LEADER 00000nbm a2200000 4500
001 0203413
005 20161212111015.1
041 0 |a slo 
044 |a SK 
245 1 0 |a Riešenia cloud computingu pre mobilné zariadenia vo firemnom prostredí  |b bakalárska práca  |c Dávid Drexler ; školiteľ: Peter Červenka 
264 1 |a Bratislava  |c 2015 
300 |a 56 s. 
100 1 |a Drexler, Dávid 
700 1 |a Červenka, Peter, 1976- 
710 2 |a Obchodná fakulta EU. Katedra informatiky obchodných firiem